书目信息 |
| 题名: |
检测实验室管理
|
|
| 作者: | 杨剑 主编 | |
| 分册: | ||
| 出版信息: | 北京 中国轻工业出版社 2016.1 |
|
| 页数: | 226页 | |
| 开本: | 24cm | |
| 丛书名: | ||
| 单 册: | ||
| 中图分类: | N33 | |
| 科图分类: | ||
| 主题词: | 实验室管理--高等职业教育--教材 , 实验室管理 | |
| 电子资源: | ||
| ISBN: | 978-7-5019-8835-8 | |
| 000 | 00863nam0 2200253 450 | |
| 001 | 0400004360 | |
| 005 | 20171023181323.0 | |
| 010 | @a978-7-5019-8835-8@dCNY30.00 | |
| 100 | @a20121027d2016 em y0chiy50 ea | |
| 101 | 0 | @achi |
| 102 | @aCN@b110000 | |
| 105 | @ay z 000yy | |
| 106 | @ar | |
| 200 | 1 | @a检测实验室管理@9jian ce shi yan shi guan li@f杨剑主编 |
| 210 | @a北京@c中国轻工业出版社@d2016.1 | |
| 215 | @a226页@d24cm | |
| 300 | @a高等职业教育“十二五”规划教材 | |
| 330 | @a本书分七章,内容包括检测实验室的安全管理、检测实验室规划设计与环境条件管理、检测实验室设备与耗材管理、检测实验室质量控制与质量保证、检测实验室计量认证与认可概述等。 | |
| 606 | 0 | @a实验室管理@x高等职业教育@j教材 |
| 606 | 0 | @a实验室管理 |
| 690 | @aN33@v5 | |
| 701 | 0 | @a杨剑@9yang jian@c(生化)@4主编 |
| 801 | 0 | @aCN@b91MARC@c20171023 |
| 905 | @b1034586-90@dN33@f5@e120 | |
| 检测实验室管理/杨剑主编.-北京:中国轻工业出版社,2016.1 |
| 226页;24cm |
| 高等职业教育“十二五”规划教材 |
| ISBN 978-7-5019-8835-8:CNY30.00 |
| 本书分七章,内容包括检测实验室的安全管理、检测实验室规划设计与环境条件管理、检测实验室设备与耗材管理、检测实验室质量控制与质量保证、检测实验室计量认证与认可概述等。 |
| ● |
| 相关链接 |
|
|
|
|
正题名:检测实验室管理
索取号:N33/120
 
预约/预借
| 序号 | 登录号 | 条形码 | 馆藏地/架位号 | 状态 | 备注 |
| 1 | 1034586 | 210345866 | 第二样本阅览室/ [索取号:N33/120] | 在馆 | |
| 2 | 1034587 | 210345875 | 物理系资料室/ [索取号:N33/120] | 在馆 | |
| 3 | 1034588 | 210345884 | 第三借阅区/ [索取号:N33/120] | 在馆 | |
| 4 | 1034589 | 210345893 | 第三借阅区/ [索取号:N33/120] | 在馆 | |
| 5 | 1034590 | 210345900 | 第三借阅区/ [索取号:N33/120] | 在馆 |